| 000 | 00886cam a22002897a 4500 | ||
|---|---|---|---|
| 003 | CHAP | ||
| 005 | 20220329132956.0 | ||
| 008 | 971013s1987 enka r 00010 eng d | ||
| 010 | _a845 | ||
| 011 | _a1817 | ||
| 035 | _a994 | ||
| 040 | _cCHAP | ||
| 082 | 0 | 4 |
_a632.8 _bF73 |
| 100 | 0 | 0 |
_aFraser, R. S. S. _943067 |
| 245 | 1 | 0 | _aBiochemistry of virus - infected plants |
| 260 |
_aLetchworth : _bResearch Studies, _c1987 |
||
| 300 |
_a259 p. _b: ilus. |
||
| 590 |
_aBATCH-UPD _b10 _c20130110 _lUCH01 _h1749 |
||
| 590 |
_aBATCH-UPD _b10 _c20130410 _lUCH01 _h1127 |
||
| 590 |
_aBATCH-UPD _b10 _c20130914 _lUCH01 _h1437 |
||
| 590 |
_aCONVERSION _b10 _c20130109 _lUCH01 _h1302 |
||
| 650 | 1 | 4 |
_aPlantas _xEnfermedades por virus. _988834 |
| 650 | 1 | 4 |
_aQuĂmica vegetal. _993602 |
| 901 | _aBK | ||
| 942 | _cLIBRO | ||
| 949 |
_a632.8 F73 _bBC _cLIBRO _d33724000182358 _eLIBRO _gI. 151852 _h78488 _i994 _si _t233.87 |
||
| 999 |
_c845 _d845 |
||